000 00199 a2200097 4500
020 _a978-1930332669
041 _aspa
100 _aPope Osborne, Mary
245 _aLa noche de los ninjas
942 _cBK
999 _c13062
_d13062